|
|
|
|
| LEADER |
00571 a2200157 4500 |
| 008 |
150729b xxu||||| |||| 00| 0 eng d |
| 020 |
|
|
|a 9780240516998
|
| 082 |
|
|
|a 791.430232068
|
| 100 |
|
|
|a Grove, Elliot
|
| 245 |
|
|
|a Raindance producer's lab:
|b lo-to-no budget filmmaking /
|c Elliot Grove
|
| 260 |
|
|
|c 2004.
|b Elsevier,
|a Amsterdam:
|
| 300 |
|
|
|a 398p.
|c 24cm.
|
| 650 |
|
|
|a Filmmaking.
|
| 942 |
|
|
|2 ddc
|c BK
|
| 999 |
|
|
|c 105476
|d 105476
|
| 952 |
|
|
|0 0
|1 0
|4 0
|6 791_430232068000000_GRO_R
|7 0
|9 108372
|a UL
|b UL
|c REF
|d 2014-03-21
|e 2
|g 2550.75
|l 0
|o 791.430232068 GRO /R
|p 92691
|r 2015-02-09
|v 3592.61
|y REF
|